00218nam a2200085Ia 4500008004100000100002400041245002300065260003600088300000800124201210s9999 xx 000 0 und d aO'Shaughnessy, John 0aInquiry & Decision aBombaybVivek Publicationc1975 a200